000 00779nam a22002412 4500
001 0000023633
005 20151217152245.0
008 130312s xx 000 0 eng d
020 _a1849202886 :
040 _aKABU
_cKABU
245 1 4 _aThe Complete handbook of coaching /
_cedited by Elaine Cox, Tatiana Bachkirova and David Clutterbuck.
250 _a1st ed.
260 _aLondon :
_bSAGE,
_c2010.
300 _axxi, 436 p.
650 0 _aPersonal coaching.
_@0000183207
650 0 _aEmployees
_xCoaching of.
_@0000183208
700 1 _aCox, Elaine.
_@0000183209
700 1 _aBachkirova, Tatiana.
_@0000183210
700 1 _aClutterbuck, David.
_@0000170129
852 1 _9p5822.40 KES
908 _a130312
950 _@1
999 _c9899
_d9899